Southville International School and Colleges
Your cart is empty.
  • Cart
  • Lists
    Public lists Eva Luna New books Lux_list list_1
    Your lists Log in to create your own lists
  • Log in to your account
  • Your cookies
  • Search history
Southville International School and Colleges
  • Advanced search
  • Recent comments
  • Most popular
  • Libraries

Log in to your account

Log in with GOOGLE


If you do not have an external account, but do have a local account, you can still log in:

  1. Home
  2. MARC view: History sl and hl :
Normal view MARC view ISBD view

History sl and hl : (Record no. 13312)

[ view plain ]
MARC details
000 -LEADER
fixed length control field 00621nam a22001937a 4500
003 - CONTROL NUMBER IDENTIFIER
control field LC
005 - DATE AND TIME OF LATEST TRANSACTION
control field 20160106113124.0
008 - FIXED-LENGTH DATA ELEMENTS--GENERAL INFORMATION
fixed length control field 131024b xxu||||| |||| 00| 0 eng d
020 ## - INTERNATIONAL STANDARD BOOK NUMBER
International Standard Book Number 9781906345570
050 ## - LIBRARY OF CONGRESS CALL NUMBER
Classification number DS 23.5
Item number .M347 2012
100 ## - MAIN ENTRY--PERSONAL NAME
Personal name Miller, Michael.
245 ## - TITLE STATEMENT
Title History sl and hl :
Remainder of title approach your exams the ib way
Statement of responsibility, etc Michael Miller.
260 ## - PUBLICATION, DISTRIBUTION, ETC. (IMPRINT)
Place of publication, distribution, etc United Kingdom :
Name of publisher, distributor, etc International Baccalaurate Organization,
Date of publication, distribution, etc c2012.
300 ## - PHYSICAL DESCRIPTION
Extent 82 p. :
Other physical details ill. col. ;
Dimensions 27 cm.
650 ## - SUBJECT ADDED ENTRY--TOPICAL TERM
Topical term or geographic name as entry element History- examination papers
General subdivision extended essay
650 ## - SUBJECT ADDED ENTRY--TOPICAL TERM
Topical term or geographic name as entry element Extended essay
General subdivision history
942 ## - ADDED ENTRY ELEMENTS (KOHA)
Source of classification or shelving scheme Library of Congress Classification
Koha item type Books
Holdings
Withdrawn status Lost status Source of classification or shelving scheme Damaged status Home library Current library Shelving location Date acquired Total Checkouts Full call number Barcode Date last seen Copy number Price effective from Koha item type
    Library of Congress Classification   Luxembourg Library Luxembourg Library International Baccalaureate Section 10/24/2013   DS 23.5 .M347 2012 IB0118 04/11/2016 1 10/24/2013 Books

History sl and hl :

APA

Miller M., . (2012). History sl and hl. United Kingdom: International Baccalaurate Organization.

Chicago

Miller Michael, . 2012. History sl and hl. United Kingdom: International Baccalaurate Organization.

Harvard

Miller M., . (2012). History sl and hl. United Kingdom: International Baccalaurate Organization.

MLA

Miller Michael, . History sl and hl. United Kingdom: International Baccalaurate Organization. 2012.

  • Place hold
  • Print
  • Cite
  • Add to your cart (remove)
  • Save record
    BIBTEX Dublin Core MARCXML MARC (non-Unicode/MARC-8) MARC (Unicode/UTF-8) MARC (Unicode/UTF-8, Standard) MODS (XML) RIS
  • More searches
    Search for this title in:
    Other Libraries (WorldCat) Other Databases (Google Scholar) Online Stores (Bookfinder.com) Open Library (openlibrary.org)

Exporting to Dublin Core...

SOUTHVILLE LIBRARY

Southville International School and Colleges Library

1281 Tropical Ave. Cor. Luxembourg St., BF Homes International, Las Pinas City

Tel. No. 8256374 / 252358 Loc. 117/146

Powered by Koha